|
|
|
|
| LEADER |
01359nam a22002777a 4500 |
| 001 |
40571 |
| 003 |
BD-DhAAL |
| 008 |
230116t2018 bg ||||| |||| 001 0 ben d |
| 020 |
|
|
|a 9848229809
|
| 040 |
|
|
|a BD-DhAAL
|c BD-DhAAL
|
| 041 |
|
|
|a ben
|
| 082 |
|
|
|a 891.44
|2 23
|
| 100 |
|
|
|a চট্টোপাধ্যায়, কুন্তল
|9 53382
|
| 245 |
|
|
|a সাহিত্যের রূপ-রীতি ও অন্যান্য প্রসঙ্গ /
|c কুন্তল চট্টোপাধ্যায়.
|
| 246 |
|
|
|a Sahityer rup-riti O onnanya prasanga
|
| 246 |
|
|
|a A treatise on literary types
|
| 260 |
|
|
|a ঢাকা
|b নিউ এজ পাবলিকেশন্স,
|c ২০১৮.
|
| 300 |
|
|
|a ৪৫৪ পৃষ্ঠা ;
|c ২২ সে.মি.
|
| 526 |
|
|
|a GenEd
|
| 541 |
|
|
|a Donated By Akbar Ali Khan
|e 40571
|
| 650 |
|
|
|a Bengali literature.
|
| 852 |
|
|
|a Ayesha Abed Library
|c Akbar Ali Khan Collection
|
| 942 |
|
|
|2 ddc
|c BK
|
| 999 |
|
|
|c 45268
|d 45268
|
| 952 |
|
|
|0 0
|1 0
|2 ddc
|4 0
|6 891_440000000000000_CHA
|7 0
|9 72643
|a SCL
|b SCL
|c GEN
|d 2023-01-04
|e Development Book Agency
|g 380.00
|l 0
|o 891.44 CHA
|p 3020040572
|r 2026-05-21
|t 2
|v 380.00
|w 2023-01-04
|y BK
|
| 952 |
|
|
|0 0
|1 0
|2 ddc
|4 0
|6 891_440000000000000_CHA
|7 0
|9 72644
|a SCL
|b SCL
|c GEN
|d 2023-01-04
|e Development Book Agency
|g 380.00
|l 0
|o 891.44 CHA
|p 3020040571
|r 2023-01-04
|t 1
|v 380.00
|w 2023-01-04
|y BK
|